[Event "HSK Osteropen 2024"]
[Site "Hamburg"]
[Date "2024.03.29"]
[Round "2.5"]
[White "Koop, Börge"]
[Black "Böhm, Thomas"]
[Result "0-1"]
[WhiteElo "1918"]
[BlackElo "2164"]
[PlyCount "109"]
[EventDate "2024.03.29"]

1. e4 c6 2. Nf3 d5 3. Nc3 dxe4 4. Nxe4 Nf6 5. Nxf6+ exf6 6. d4 Bd6 7. Bc4 O-O
8. O-O Bg4 9. Qd3 Nd7 10. Bb3 a5 11. a4 Re8 12. Bd2 Qc7 13. h3 Bh5 14. Nh4 Be2
15. Qf5 Bxf1 16. Rxf1 Nf8 17. Qg4 Ne6 18. Nf5 Bf8 19. h4 g6 20. h5 Kh8 21. Nh4
f5 22. Qh3 Kg8 23. hxg6 hxg6 24. g3 Bg7 25. c3 Rad8 26. Kg2 c5 27. d5 c4 28.
dxe6 Rxe6 29. Bg5 cxb3 30. Bxd8 Qxd8 31. Nf3 Qd5 32. Qh4 Bf6 33. Qf4 Be5 34.
Qd2 Qc6 35. Qd8+ Re8 36. Qxa5 Bf6 37. Qb5 Qxb5 38. axb5 Re2 39. Rb1 g5 40. Kf1
Rc2 41. Ke1 Rxb2 42. Rxb2 Bxc3+ 43. Nd2 Bxb2 44. Nxb3 b6 45. Ke2 Kg7 46. Kd3
Kf6 47. Nd2 Ba3 48. f3 Bc5 49. g4 Ke5 50. gxf5 Kxf5 51. Ne4 Be7 52. Nc3 Ke5 53.
Kc4 f5 54. Na4 Bd8 55. Nb2 0-1

[Event "HSK Osteropen 2024"]
[Site "Hamburg"]
[Date "2024.03.29"]
[Round "2.6"]
[White "Knaak, Michael"]
[Black "Kahlert, Thomas"]
[Result "0-1"]
[WhiteElo "1892"]
[BlackElo "2122"]
[PlyCount "94"]
[EventDate "2024.03.29"]

1. e4 e5 2. Nc3 Nf6 3. f4 d5 4. fxe5 Nxe4 5. Qf3 f5 6. d3 Nxc3 7. bxc3 d4 8.
Nh3 Bc5 9. Be2 O-O 10. Bg5 Be7 11. Bxe7 Qxe7 12. Qd5+ Kh8 13. Qxd4 Nc6 14. Qe3
Qxe5 15. Qxe5 Nxe5 16. O-O Bd7 17. Nf2 g6 18. d4 Nf7 19. c4 Rfe8 20. Bd3 Kg7
21. Rfe1 Rad8 22. Kf1 Bc6 23. Rxe8 Rxe8 24. c5 Rd8 25. c3 b6 26. cxb6 axb6 27.
Re1 Kf6 28. Bc4 Ng5 29. Re5 Re8 30. Rxe8 Bxe8 31. h4 Nf7 32. Bb3 Nd6 33. Ke2
Bb5+ 34. Kf3 h6 35. g4 g5 36. hxg5+ Kxg5 37. gxf5 Kxf5 38. Bc2+ Kg5 39. Ne4+
Nxe4 40. Bxe4 h5 41. Kg3 Be2 42. a4 h4+ 43. Kh2 Kf4 44. Bc6 Bg4 45. c4 Ke3 46.
d5 Kd4 47. Bb5 Kc5 0-1

[Event "HSK Osteropen 2024"]
[Site "Hamburg"]
[Date "2024.03.29"]
[Round "2.7"]
[White "Moser, Axel"]
[Black "Malchereck, Zion"]
[Result "1/2-1/2"]
[WhiteElo "2087"]
[BlackElo "1891"]
[PlyCount "53"]
[EventDate "2024.03.29"]

1. d4 Nf6 2. Nf3 g6 3. c4 Bg7 4. Nc3 O-O 5. Bg5 h6 6. Bh4 d6 7. e3 g5 8. Bg3
Nh5 9. Be2 Bf5 10. Bd3 Bxd3 11. Qxd3 Nd7 12. Qe2 c5 13. Rd1 a6 14. O-O Nxg3 15.
hxg3 b6 16. Rfe1 Rc8 17. d5 Bxc3 18. bxc3 Kg7 19. g4 Nf6 20. Nd2 Qd7 21. f3 Rh8
22. e4 h5 23. e5 dxe5 24. Qxe5 hxg4 25. Ne4 gxf3 26. d6 Qg4 27. Qxg5+ 1/2-1/2

[Event "HSK Osteropen 2024"]
[Site "Hamburg"]
[Date "2024.03.29"]
[Round "2.8"]
[White "Wendriner, Mirco"]
[Black "Zenker, Ulrich"]
[Result "0-1"]
[WhiteElo "1880"]
[BlackElo "2115"]
[PlyCount "48"]
[EventDate "2024.03.29"]

1. e4 e6 2. d4 d5 3. exd5 exd5 4. Nf3 Bd6 5. Bd3 Nc6 6. c3 Nge7 7. Qc2 Bg4 8.
Nbd2 Qd7 9. Nf1 Bxf3 10. gxf3 Nd8 11. Rg1 Ne6 12. Bd2 g6 13. Qb3 O-O 14. h4 c5
15. Bb5 Qc7 16. dxc5 Bxc5 17. Bd3 Qe5+ 18. Kd1 Bxf2 19. Rh1 Nf4 20. Bxf4 Qxf4
21. Rh3 Nc6 22. Kc2 Rac8 23. Kb1 Ne5 24. Be2 Qf5+ 0-1

[Event "HSK Osteropen 2024"]
[Site "Hamburg"]
[Date "2024.03.29"]
[Round "2.9"]
[White "Reddmann, Hauke"]
[Black "Dorendorf, Mika"]
[Result "1-0"]
[WhiteElo "2107"]
[BlackElo "1844"]
[PlyCount "43"]
[EventDate "2024.03.29"]

1. d4 d5 2. Bf4 Nf6 3. e3 c5 4. dxc5 Nc6 5. Bb5 e6 6. b4 a5 7. c3 Bd7 8. Qb3
axb4 9. cxb4 b6 10. Bxc6 Bxc6 11. b5 Bb7 12. c6 Bc8 13. Nf3 Ne4 14. O-O Bc5 15.
Nbd2 Nxd2 16. Nxd2 f6 17. h4 e5 18. Bg3 Ra3 19. Qc2 Kf7 20. Nb3 g6 21. Rad1 Bf5
22. e4 1-0

[Event "HSK Osteropen 2024"]
[Site "Hamburg"]
[Date "2024.03.29"]
[Round "2.10"]
[White "Wiethüchter, Samuel"]
[Black "Neutsch, Steffen"]
[Result "0-1"]
[WhiteElo "1857"]
[BlackElo "1994"]
[PlyCount "88"]
[EventDate "2024.03.29"]

1. e4 c6 2. d4 d5 3. Nc3 dxe4 4. Nxe4 Bf5 5. Ng3 Bg6 6. h4 h6 7. Nf3 Nd7 8. h5
Bh7 9. Bd3 Bxd3 10. Qxd3 e6 11. Bf4 Qa5+ 12. Nd2 Ngf6 13. c3 Nd5 14. Be3 Be7
15. Nc4 Qc7 16. Bd2 b5 17. Na3 O-O 18. Ne4 f5 19. Ng3 N7f6 20. Qe2 Kf7 21. Nc2
Bd6 22. Qf3 Rae8 23. O-O-O a5 24. Ne1 c5 25. dxc5 Bxc5 26. Kb1 b4 27. Rc1 bxc3
28. Bxc3 Qb6 29. Nd3 Nxc3+ 30. Rxc3 Bd4 31. Rb3 Qd6 32. Rb7+ Kg8 33. Ne2 Ne4
34. Rd1 Qc6 35. Rb3 Bf6 36. Qf4 Rc8 37. Rc1 Qd5 38. Qe3 a4 39. Rb6 a3 40. b3
Rxc1+ 41. Kxc1 Rc8+ 42. Kd1 Nxf2+ 43. Qxf2 Qxd3+ 44. Ke1 Qb1+ 0-1

[Event "HSK Osteropen 2024"]
[Site "Hamburg"]
[Date "2024.03.29"]
[Round "2.11"]
[White "Morou, Halid"]
[Black "Günther, Patrick"]
[Result "0-1"]
[WhiteElo "1833"]
[BlackElo "2023"]
[PlyCount "69"]
[EventDate "2024.03.29"]

1. d4 Nf6 2. c4 g6 3. g3 Bg7 4. Nf3 O-O 5. Bg2 d5 6. O-O c6 7. b3 Bf5 8. Bb2 a5
9. Nc3 Ne4 10. Nh4 Nxc3 11. Bxc3 Be6 12. Qd3 Na6 13. e4 dxc4 14. bxc4 Nb4 15.
Bxb4 axb4 16. e5 Bxe5 17. Nf3 Bf6 18. Qb3 c5 19. Rad1 Qc7 20. dxc5 Qxc5 21. Nd2
Ra3 22. Qb1 b5 23. Nb3 Qxc4 24. Rc1 Bc3 25. Be4 Qe2 26. Rfd1 Rxa2 27. Rc2 Rxc2
28. Qxc2 Qxc2 29. Bxc2 Ra8 30. Kg2 Ra2 31. Rd8+ Kg7 32. Bd1 Bc4 33. Kf3 Be1 34.
Rd7 Rxf2+ 35. Ke3 0-1

[Event "HSK Osteropen 2024"]
[Site "Hamburg"]
[Date "2024.03.29"]
[Round "2.12"]
[White "Ihlow, Florian"]
[Black "Schell, Franz Jürgen"]
[Result "0-1"]
[WhiteElo "1604"]
[BlackElo "2029"]
[PlyCount "72"]
[EventDate "2024.03.29"]

1. Nc3 c5 2. e4 Nc6 3. Nf3 e6 4. Bc4 a6 5. a4 Qc7 6. O-O Nf6 7. d3 Be7 8. Ne2
d5 9. exd5 exd5 10. Bb3 Bg4 11. Bf4 Bd6 12. Bxd6 Qxd6 13. Nd2 O-O 14. Re1 Rfe8
15. Nf1 Nd4 16. Ne3 Bxe2 17. Rxe2 Nxe2+ 18. Qxe2 Qe5 19. Qd2 Qxb2 20. Rd1 Qe5
21. d4 cxd4 22. Qxd4 Qxd4 23. Rxd4 Re4 24. Rd1 d4 25. Nd5 Rd8 26. f3 Re5 27.
Nc3 Ree8 28. Nb1 Nd5 29. Nd2 Nc3 30. Rf1 Re2 31. Rf2 Rde8 32. Ne4 Re1+ 33. Rf1
Rxf1+ 34. Kxf1 Nxe4 35. fxe4 Rxe4 36. Bd5 Re7 0-1

[Event "HSK Osteropen 2024"]
[Site "Hamburg"]
[Date "2024.03.29"]
[Round "2.13"]
[White "Wenzel, Birger"]
[Black "Malchereck, Romeo"]
[Result "1-0"]
[WhiteElo "2028"]
[BlackElo "1812"]
[PlyCount "79"]
[EventDate "2024.03.29"]

1. Nf3 b6 2. g3 Bb7 3. Bg2 Nf6 4. O-O e6 5. c4 Be7 6. d4 O-O 7. Nc3 d5 8. cxd5
exd5 9. b3 Nbd7 10. Bb2 Rc8 11. Rc1 c5 12. e3 a6 13. Qe2 c4 14. Ne5 b5 15. bxc4
bxc4 16. e4 Nb6 17. Rfe1 Bb4 18. exd5 Nfxd5 19. Red1 Bxc3 20. Bxc3 Nxc3 21.
Rxc3 Bxg2 22. Kxg2 Qd5+ 23. Qf3 Qxf3+ 24. Kxf3 f6 25. Ng4 Rfe8 26. Ne3 g6 27.
d5 a5 28. Rb1 Nd7 29. Kg2 Re4 30. Rb5 Ne5 31. Rxa5 Rb8 32. d6 Rb2 33. Rd5 Nd7
34. a4 Kf7 35. Kf3 Re5 36. Rd4 Ke6 37. Rcxc4 Nb6 38. d7 Nxd7 39. Rc6+ Ke7 40.
Rc7 1-0

[Event "HSK Osteropen 2024"]
[Site "Hamburg"]
[Date "2024.03.29"]
[Round "2.16"]
[White "Magnussen, Helge"]
[Black "Schacht, David"]
[Result "1-0"]
[WhiteElo "2084"]
[BlackElo "1704"]
[PlyCount "185"]
[EventDate "2024.03.29"]

1. d4 d5 2. c4 e6 3. Nf3 Nf6 4. Qc2 Bb4+ 5. Nbd2 O-O 6. e3 b6 7. b3 Bb7 8. Bd3
dxc4 9. bxc4 c5 10. Bb2 Nc6 11. O-O cxd4 12. exd4 Na5 13. a3 Bxd2 14. Nxd2 Rc8
15. Bc3 Nc6 16. Nf3 Ne7 17. d5 Ng6 18. Bb4 Re8 19. dxe6 fxe6 20. Rad1 Bxf3 21.
gxf3 Nd5 22. Bxg6 Qg5+ 23. Kh1 hxg6 24. Rg1 Nxb4 25. axb4 Qf5 26. Qxf5 gxf5 27.
Rd7 Rxc4 28. Rgxg7+ Kh8 29. Rh7+ Kg8 30. Rdg7+ Kf8 31. Rxa7 Kg8 32. Rag7+ Kf8
33. Rb7 Kg8 34. Rbg7+ Kf8 35. Rc7 Rxc7 36. Rxc7 Rd8 37. Kg2 Rd4 38. Rc6 Rxb4
39. Rxe6 Kf7 40. Rc6 b5 41. Kg3 Kg7 42. h4 Kf7 43. Rb6 Kg7 44. h5 Kh7 45. Rf6
Rc4 46. Rxf5 b4 47. Rb5 Kh6 48. f4 Rc3+ 49. Kg4 b3 50. Rb6+ Kh7 51. Kg5 Rc7 52.
Rxb3 Rg7+ 53. Kf6 Ra7 54. h6 Ra6+ 55. Kg5 Rg6+ 56. Kf5 Rxh6 57. Rb7+ Kg8 58.
Kg5 Rh2 59. f3 Rf2 60. Kg4 Rg2+ 61. Kf5 Rf2 62. Ke4 Re2+ 63. Kd3 Re1 64. Kd4
Rf1 65. Ke3 Re1+ 66. Kf2 Ra1 67. f5 Ra5 68. f6 Ra6 69. f7+ Kf8 70. Kg3 Ra1 71.
Kg4 Rg1+ 72. Kf5 Ra1 73. f4 Ra5+ 74. Kg6 Ra6+ 75. Kg5 Ra5+ 76. f5 Ra1 77. Kg6
Ra6+ 78. Kg5 Ra1 79. Rb8+ Kxf7 80. Rb7+ Kg8 81. Kg6 Rg1+ 82. Kf6 Ra1 83. Rb8+
Kh7 84. Re8 Rg1 85. Kf7 Rg7+ 86. Ke6 Rg1 87. f6 Rd1 88. Kf7 Rf1 89. Re2 Kh6 90.
Rh2+ Kg5 91. Kg7 Rg1 92. f7 Kf5+ 93. Kh8 1-0

[Event "HSK Osteropen 2024"]
[Site "Hamburg"]
[Date "2024.03.29"]
[Round "2.17"]
[White "Mix, Clemens"]
[Black "Ibe, Justus"]
[Result "1/2-1/2"]
[WhiteElo "2032"]
[BlackElo "1691"]
[PlyCount "59"]
[EventDate "2024.03.29"]

1. d4 d5 2. c4 c6 3. Nf3 e6 4. Nc3 f5 5. Bf4 Nf6 6. e3 Be7 7. Bd3 O-O 8. Qc2
Ne4 9. h3 Nd7 10. Ne5 Nxe5 11. Bxe5 Bd6 12. Bxd6 Qxd6 13. O-O-O b6 14. g4 Ba6
15. gxf5 exf5 16. Rdg1 Rf6 17. Rg2 Bxc4 18. Bxc4 Nxc3 19. Qxc3 dxc4 20. Qxc4+
Qd5 21. Qxd5+ cxd5 22. Kd2 Rc8 23. Rc1 Rxc1 24. Kxc1 Rc6+ 25. Kd2 Kf7 26. f3
Kf6 27. Rg1 g5 28. Kd3 h5 29. b3 b5 30. Kd2 1/2-1/2

[Event "HSK Osteropen 2024"]
[Site "Hamburg"]
[Date "2024.03.29"]
[Round "2.19"]
[White "Haack, Stefan"]
[Black "Schwarzkopf, Jörg"]
[Result "0-1"]
[WhiteElo "1806"]
[BlackElo "1862"]
[PlyCount "90"]
[EventDate "2024.03.29"]

1. e4 g6 2. d4 Bg7 3. Nf3 d6 4. Be2 Nd7 5. Be3 c5 6. c3 Ngf6 7. Nbd2 O-O 8. h3
b6 9. a4 Bb7 10. d5 e5 11. O-O h6 12. Nh2 Qe7 13. Qc2 Nh7 14. Bd3 Rae8 15. a5
Ra8 16. Ndf3 Nhf6 17. a6 Bc8 18. Qa4 Nb8 19. Nd2 Ne8 20. b4 Bd7 21. b5 f5 22.
exf5 Bxf5 23. Bxf5 gxf5 24. Rfe1 Nd7 25. f4 e4 26. Rac1 Qh4 27. Qd1 Ndf6 28. c4
Nh5 29. Rf1 Bd4 30. Bxd4 cxd4 31. Nb3 d3 32. Qe1 Ng3 33. Rf2 Nf6 34. Nf1 Nfh5
35. Nxg3 Qxg3 36. Rf1 Rae8 37. Qd2 e3 38. Qxd3 Nxf4 39. Rxf4 Qxf4 40. Rf1 Qe4
41. Qc3 f4 42. Nd4 Kh7 43. Ne6 Rg8 44. Nxf4 e2 45. Nxe2 Qxg2# 0-1

[Event "HSK Osteropen 2024"]
[Site "Hamburg"]
[Date "2024.03.29"]
[Round "2.21"]
[White "Wokel, Justus"]
[Black "Schramm, Fynn"]
[Result "0-1"]
[WhiteElo "1694"]
[BlackElo "1959"]
[PlyCount "40"]
[EventDate "2024.03.29"]

1. d4 d5 2. c4 e6 3. Nc3 Nf6 4. cxd5 exd5 5. Bg5 Be7 6. e3 Bf5 7. Bxf6 Bxf6 8.
Qb3 Nd7 9. Nxd5 Be6 10. Nxf6+ Qxf6 11. Qc2 O-O 12. Bd3 h6 13. Nf3 Rac8 14. b4
c5 15. bxc5 Nxc5 16. Qd1 Nxd3+ 17. Qxd3 Rfd8 18. Ne5 Qxe5 19. Qh7+ Kxh7 20.
dxe5 Bc4 0-1

[Event "HSK Osteropen 2024"]
[Site "Hamburg"]
[Date "2024.03.29"]
[Round "2.22"]
[White "Marx, Jakob"]
[Black "Braun, Julian"]
[Result "0-1"]
[WhiteElo "1665"]
[BlackElo "1803"]
[PlyCount "58"]
[EventDate "2024.03.29"]

1. e4 e5 2. Bc4 Nf6 3. Nf3 Nc6 4. Ng5 d5 5. exd5 Nd4 6. c3 b5 7. Bb3 Nxb3 8.
Qxb3 Qxd5 9. Qxd5 Nxd5 10. O-O Be7 11. d3 O-O 12. Nf3 Bd6 13. Re1 Bg4 14. Nbd2
Nf4 15. d4 exd4 16. Nxd4 Rfe8 17. Ne4 Nd3 18. Re3 Nxc1 19. Rxc1 Bf4 20. Rce1
Bxe3 21. Rxe3 b4 22. Nb5 bxc3 23. bxc3 Rab8 24. h3 Bf5 25. Ng3 Rxe3 26. Nxf5
Re1+ 27. Kh2 Rxb5 28. Nd4 Rb2 29. Nf3 Ree2 0-1

[Event "HSK Osteropen 2024"]
[Site "Hamburg"]
[Date "2024.03.29"]
[Round "2.23"]
[White "Queißer, Jens"]
[Black "Bachschisade, Elvin"]
[Result "0-1"]
[WhiteElo "1643"]
[BlackElo "1791"]
[PlyCount "56"]
[EventDate "2024.03.29"]

1. g3 d5 2. Bg2 e5 3. d3 f5 4. Nf3 e4 5. Nd4 c5 6. Nb3 Nc6 7. O-O Nf6 8. c3 Be7
9. dxe4 fxe4 10. Be3 b6 11. a4 O-O 12. Na3 Be6 13. Qc2 Qc8 14. f3 Bh3 15. fxe4
Bxg2 16. Kxg2 Nxe4 17. Rxf8+ Bxf8 18. Rd1 Qe6 19. Nb5 Bd6 20. Qd3 Nf6 21. Bg5
Ne5 22. Qc2 Ne4 23. Nxd6 Nxd6 24. Bf4 Ndc4 25. Bxe5 Ne3+ 26. Kf3 Nxc2 27. Rc1
Qxe5 28. Rxc2 Qe4+ 0-1

[Event "HSK Osteropen 2024"]
[Site "Hamburg"]
[Date "2024.03.29"]
[Round "2.24"]
[White "Trede, Rouven-Peer"]
[Black "Schranz, Patrick"]
[Result "0-1"]
[WhiteElo "1785"]
[BlackElo "1694"]
[PlyCount "146"]
[EventDate "2024.03.29"]

1. e4 e5 2. Nf3 d5 3. exd5 e4 4. Qe2 Nf6 5. Nc3 Bf5 6. Nd4 Bg6 7. Qb5+ Nbd7 8.
Be2 Bc5 9. Nb3 Bb6 10. O-O O-O 11. d4 exd3 12. Bxd3 Ne5 13. Bxg6 Nxg6 14. h3 a6
15. Qc4 Ne5 16. Qf4 Re8 17. Rd1 Ng6 18. Qg3 Ne7 19. Bg5 Nf5 20. Qf3 Re5 21. Bf4
Re8 22. Rd3 Nd6 23. Bg5 Nc4 24. Bxf6 Qxf6 25. Qxf6 gxf6 26. Rg3+ Kh8 27. Rg4
Ne5 28. Rf4 Kg7 29. Rd1 Rad8 30. Na4 Ng6 31. Rc4 Ne5 32. Nxb6 cxb6 33. Rc7 Rd7
34. Rxd7 Nxd7 35. Kf1 f5 36. Nd4 Kf6 37. Nf3 b5 38. c3 Nc5 39. b3 Ne4 40. c4
bxc4 41. bxc4 Rc8 42. Rd4 Nd6 43. Nd2 Rc5 44. Ke2 Ra5 45. f3 Rxa2 46. c5 Nb5
47. Rd3 Ra4 48. c6 Nd6 49. c7 Ke7 50. Rc3 Kd7 51. Kd3 Nc8 52. Nb3 b6 53. Rc6
Ra3 54. Kc4 Ra2 55. Rh6 Kxc7 56. Rxh7 Nd6+ 57. Kd4 Rxg2 58. Ke5 a5 59. Nd4 a4
60. Rh6 Nc4+ 61. Kxf5 Na5 62. Nb5+ Kb7 63. Rf6 Rf2 64. f4 Nc4 65. Rxf7+ Ka6 66.
Nc7+ Ka5 67. Rf8 a3 68. Ra8+ Kb4 69. Na6+ Kb3 70. h4 a2 71. d6 Nxd6+ 72. Ke6
Nc4 73. Nb4 Kxb4 0-1

[Event "HSK Osteropen 2024"]
[Site "Hamburg"]
[Date "2024.03.29"]
[Round "2.25"]
[White "Englert, Barbara"]
[Black "Lasschuit, Rene"]
[Result "0-1"]
[WhiteElo "1537"]
[BlackElo "1763"]
[PlyCount "96"]
[EventDate "2024.03.29"]

1. e4 c5 2. Nc3 a6 3. f4 b5 4. Nf3 Bb7 5. d3 e6 6. Be2 d5 7. O-O b4 8. Nb1 dxe4
9. dxe4 Qxd1 10. Rxd1 Bxe4 11. c4 Nf6 12. Ng5 Bb7 13. Nd2 Be7 14. Bf3 Bxf3 15.
Ngxf3 O-O 16. b3 Nc6 17. Bb2 Rfd8 18. Ne5 Nxe5 19. Bxe5 Rd3 20. Bc7 Ra7 21. Ba5
Rad7 22. Kf2 Rxd2+ 23. Rxd2 Rxd2+ 24. Kf3 h5 25. a3 Rd3+ 26. Ke2 Rxb3 27. axb4
cxb4 28. Bb6 Ra3 29. Rd1 Ne4 30. Rd7 b3 31. Bd4 Bf6 32. Bxf6 gxf6 33. Rd8+ Kg7
34. Rc8 b2 35. Rb8 b1=Q 36. Rxb1 Nc3+ 37. Kd2 Nxb1+ 38. Kc1 Rb3 39. c5 Na3 40.
c6 Nb5 41. g3 Rc3+ 42. Kb2 Rxc6 43. h4 Kg6 44. Kb3 Kf5 45. Kb4 Kg4 46. Ka5 Kxg3
47. f5 exf5 48. Kb4 f4 0-1

[Event "HSK Osteropen 2024"]
[Site "Hamburg"]
[Date "2024.03.29"]
[Round "2.26"]
[White "Yasar, Hamit"]
[Black "Rojas Albores, Graciela Iv"]
[Result "1-0"]
[WhiteElo "1761"]
[BlackElo "1653"]
[PlyCount "49"]
[EventDate "2024.03.29"]

1. d4 d5 2. Bf4 e6 3. e3 Bd6 4. Bg3 c6 5. Nd2 b5 6. Ngf3 Nd7 7. Bxd6 Ngf6 8.
Bg3 Nh5 9. Bd3 Nxg3 10. hxg3 f5 11. Ne5 Nxe5 12. dxe5 g6 13. g4 Qc7 14. f4 Qb6
15. Qe2 Bd7 16. Nf3 c5 17. c3 c4 18. Bc2 b4 19. Nd4 a5 20. gxf5 exf5 21. g4
fxg4 22. Qg2 Be6 23. Bxg6+ Bf7 24. Bxf7+ Kxf7 25. Qxd5+ 1-0

[Event "HSK Osteropen 2024"]
[Site "Hamburg"]
[Date "2024.03.29"]
[Round "2.27"]
[White "Seum, Ferdinand"]
[Black "Braren, Ove Neelis"]
[Result "1-0"]
[WhiteElo "1747"]
[BlackElo "1635"]
[PlyCount "121"]
[EventDate "2024.03.29"]

1. c4 e6 2. e4 d5 3. exd5 exd5 4. cxd5 Qxd5 5. Nc3 Qd8 6. d4 Nf6 7. Bc4 Be7 8.
Nf3 Bf5 9. Qb3 O-O 10. Qxb7 Nbd7 11. O-O Nb6 12. Bb3 (12. Bb5) (12. Bf4 Qd7 (
12... Bd6) 13. Bd6) 12... Qd7 13. Bf4 Bd6 14. Bxd6 cxd6 15. Qxd7 Nbxd7 16. Nh4
Bd3 17. Rfd1 Ba6 18. Nf5 Nb6 19. Nxd6 Rad8 20. Ndb5 Bxb5 21. Nxb5 Rd7 22. Rd3
Rfd8 23. Rad1 Kf8 24. Nc3 Nfd5 25. g3 f5 26. h4 a6 27. Nxd5 Nxd5 28. Rf3 g6 29.
h5 Ne7 30. hxg6 hxg6 31. Rfd3 Nc6 32. d5 Ne5 33. Re3 Nf7 34. Re6 Rd6 35. Rde1
Ng5 36. R6e3 Ne4 37. R3e2 Nf6 38. Re6 Kf7 39. Rxd6 Rxd6 40. Re6 Rxe6 41. dxe6+
Ke7 42. f3 Ne8 43. Kf2 Nd6 44. Ke3 Nb5 45. a4 Nc7 46. Kf4 Kf6 47. a5 g5+ 48.
Ke3 Ke5 49. f4+ gxf4+ 50. gxf4+ Kd6 51. Bc4 Kc6 52. Kd4 Kd6 53. b4 Nxe6+ 54.
Bxe6 Kxe6 55. Kc5 Kd7 56. Kb6 Kd6 57. Kxa6 Kd5 58. b5 Ke4 59. b6 Kxf4 60. b7
Ke3 61. b8=Q 1-0

[Event "HSK Osteropen 2024"]
[Site "Hamburg"]
[Date "2024.03.29"]
[Round "2.28"]
[White "Krüger, Dietrich"]
[Black "Klaeke, Gregor"]
[Result "0-1"]
[WhiteElo "1500"]
[BlackElo "1744"]
[PlyCount "40"]
[EventDate "2024.03.29"]

1. d4 e6 2. Bf4 Nf6 3. e3 d5 4. Nd2 c5 5. Ngf3 Nc6 6. Nb3 c4 7. Nbd2 b5 8. b3
Bb4 9. Be5 Nxe5 10. Nxe5 Ne4 11. Qf3 Bxd2+ 12. Ke2 O-O 13. bxc4 bxc4 14. Nxc4
Ba6 15. Kd1 Bc3 16. Rb1 Ng5 17. Qg3 Bxc4 18. h4 Ne4 19. Qf3 Bxf1 20. Rxf1 Nd2
0-1

[Event "HSK Osteropen 2024"]
[Site "Hamburg"]
[Date "2024.03.29"]
[Round "2.29"]
[White "Grillmaier, Alexander"]
[Black "Wang, Huanying"]
[Result "1-0"]
[WhiteElo "1728"]
[BlackElo "1525"]
[PlyCount "89"]
[EventDate "2024.03.29"]

1. d4 d6 2. e4 g6 3. Nf3 Bg7 4. Be3 Bg4 5. Be2 Nd7 6. h3 Bxf3 7. Bxf3 h6 8. O-O
e6 9. c4 Ne7 10. Qd2 c5 11. Nc3 f5 12. exf5 Nxf5 13. dxc5 O-O 14. cxd6 Qc8 15.
b3 Nxe3 16. Qxe3 e5 17. Nd5 Qc5 18. Ne7+ Kh7 19. Qxc5 Nxc5 20. Rad1 Rad8 21.
Rfe1 e4 22. Bxe4 Nxe4 23. Rxe4 Rd7 24. Re6 Rf6 25. Rde1 Rxd6 26. Rxd6 Rxd6 27.
Nd5 Rd7 28. Re7 Rxe7 29. Nxe7 Bf8 30. Nd5 Kg7 31. g4 Bd6 32. Kg2 b6 33. f4 Kf7
34. Kf3 Ke6 35. Ke4 Kf7 36. h4 Kg7 37. h5 Bc5 38. Ke5 Bf8 39. Ke6 Bc5 40. f5
gxf5 41. gxf5 Bd4 42. f6+ Kf8 43. Nf4 Kg8 44. f7+ Kf8 45. Ng6+ 1-0

[Event "HSK Osteropen 2024"]
[Site "Hamburg"]
[Date "2024.03.30"]
[Round "3.1"]
[White "Zenker, Ulrich"]
[Black "Woelk, Tom-Frederic"]
[Result "0-1"]
[WhiteElo "2115"]
[BlackElo "2345"]
[PlyCount "80"]
[EventDate "2024.03.29"]

1. Nf3 d5 2. g3 Nf6 3. Bg2 b5 4. a4 b4 5. d4 e6 6. Bf4 c5 7. Nbd2 Nc6 8. O-O
cxd4 9. Nb3 Ba6 10. Re1 Bd6 11. Bxd6 Qxd6 12. Nfxd4 O-O 13. Nb5 Qb8 14. Qd3 Rc8
15. f4 Qb6+ 16. e3 Rab8 17. Bf1 e5 18. Qf5 Re8 19. Bd3 Bc8 20. Qg5 h6 21. Qh4
e4 22. a5 Qd8 23. Be2 Ne7 24. g4 Bxg4 25. Bxg4 Rxb5 26. Be2 Rb7 27. Nd4 Qd7 28.
a6 Rb6 29. Ra5 Nf5 30. Nxf5 Qxf5 31. Rd1 Rc8 32. Rd2 Rbc6 33. Bd1 Qe6 34. Qe1
Rxa6 35. Rxa6 Qxa6 36. Rd4 Qa1 37. Qxb4 Rxc2 38. Qb8+ Kh7 39. Qe5 Rc1 40. Qf5+
Kh8 0-1

[Event "HSK Osteropen 2024"]
[Site "Hamburg"]
[Date "2024.03.30"]
[Round "3.2"]
[White "Popvasilev, Kaloyan"]
[Black "Reddmann, Hauke"]
[Result "1/2-1/2"]
[WhiteElo "2226"]
[BlackElo "2107"]
[PlyCount "30"]
[EventDate "2024.03.29"]

1. e4 c5 2. Nc3 d6 3. d4 cxd4 4. Qxd4 Nc6 5. Qd2 Nf6 6. b3 e6 7. Bb2 Be7 8.
O-O-O O-O 9. f3 a6 10. Nge2 b5 11. Kb1 Qc7 12. h4 b4 13. Na4 d5 14. exd5 Nxd5
15. c4 bxc3 1/2-1/2

[Event "HSK Osteropen 2024"]
[Site "Hamburg"]
[Date "2024.03.30"]
[Round "3.3"]
[White "Neutsch, Steffen"]
[Black "Holinka, Henning"]
[Result "0-1"]
[WhiteElo "1994"]
[BlackElo "2183"]
[PlyCount "108"]
[EventDate "2024.03.29"]

1. d4 d5 2. c4 e6 3. Nc3 a6 4. cxd5 exd5 5. Bf4 Nf6 6. e3 c5 7. Bd3 Nc6 8. Nge2
Be6 9. O-O c4 10. Bc2 b5 11. a3 Be7 12. f3 O-O 13. Kh1 Qb6 14. e4 a5 15. e5 Nh5
16. Bc1 f5 17. f4 g6 18. Be3 g5 19. fxg5 Nxe5 20. dxe5 Qxe3 21. Nd4 Bf7 22. e6
Be8 23. Nxd5 Qxg5 24. Nxe7+ Qxe7 25. Rxf5 Rxf5 26. Bxf5 Rd8 27. Qg4+ Qg7 28.
Nf3 Qxg4 29. Bxg4 Nf4 30. Bf5 Bc6 31. Rf1 b4 32. axb4 axb4 33. g3 Bxf3+ 34. Kg1
Ne2+ 35. Kf2 Nd4 36. g4 Bd5 37. e7 Re8 38. Rd1 Nxf5 39. gxf5 Be4 40. f6 c3 41.
bxc3 b3 42. Ke3 Bg6 43. Rd2 Bc2 44. Rd8 Kf7 45. Kd2 Bg6 46. Kc1 Kxf6 47. Kb2
Kxe7 48. Rd4 Bc2 49. c4 Kf6 50. Rh4 Ra8 51. Kc3 Rb8 52. Rf4+ Ke5 53. Rf1 Kd6
54. Re1 Rf8 0-1

[Event "HSK Osteropen 2024"]
[Site "Hamburg"]
[Date "2024.03.30"]
[Round "3.4"]
[White "Keyser, Robin"]
[Black "Günther, Patrick"]
[Result "1-0"]
[WhiteElo "2149"]
[BlackElo "2023"]
[PlyCount "131"]
[EventDate "2024.03.29"]

1. c4 c5 2. Nf3 Nf6 3. g3 g6 4. Bg2 Bg7 5. d4 cxd4 6. Nxd4 O-O 7. Nc3 Nc6 8.
Nc2 d6 9. O-O Qa5 10. Bd2 Qh5 11. e4 Qxd1 12. Raxd1 Be6 13. b3 a6 14. Nd5 Rab8
15. Bg5 Bxd5 16. exd5 Ne5 17. Nd4 Rfc8 18. Rfe1 Kf8 19. h3 Rc7 20. Be3 Rbc8 21.
Re2 Ned7 22. f4 Nc5 23. Bf2 Re8 24. Bf3 Rcc8 25. Kg2 a5 26. Be1 b6 27. g4 Nfd7
28. Nb5 h6 29. h4 g5 30. fxg5 hxg5 31. hxg5 Ne5 32. Be4 Nxg4 33. Bf5 Ne5 34.
Bxc8 Rxc8 35. Bg3 Ng6 36. Nd4 Be5 37. Nf3 Bxg3 38. Kxg3 Rc7 39. Nd4 Nd7 40. Rf1
Kg8 41. Nf5 Nde5 42. Nh6+ Kg7 43. Ng4 a4 44. Nxe5 Nxe5 45. Kf4 axb3 46. axb3 b5
47. cxb5 Rb7 48. Rb1 Rxb5 49. b4 f6 50. gxf6+ Kxf6 51. Rxe5 dxe5+ 52. Ke4 e6
53. d6 Rd5 54. Rf1+ Kg7 55. d7 Rxd7 56. Kxe5 Rb7 57. Rb1 Kf7 58. Kd6 Kf6 59.
Kc6 Rb8 60. b5 e5 61. Kc7 Rh8 62. b6 e4 63. Rb5 e3 64. b7 e2 65. Rb1 Ke5 66.
Re1 1-0

[Event "HSK Osteropen 2024"]
[Site "Hamburg"]
[Date "2024.03.30"]
[Round "3.5"]
[White "Böhm, Thomas"]
[Black "Schell, Franz Jürgen"]
[Result "1-0"]
[WhiteElo "2164"]
[BlackElo "2029"]
[PlyCount "79"]
[EventDate "2024.03.29"]

1. e4 e5 2. Bc4 Nf6 3. d3 Bc5 4. Nc3 c6 5. Nf3 b5 6. Bb3 d6 7. O-O O-O 8. a4 b4
9. Ne2 Be6 10. Bxe6 fxe6 11. d4 exd4 12. Nexd4 Qd7 13. Qd3 Kh8 14. Bg5 Bxd4 15.
Qxd4 c5 16. Qd3 Nc6 17. Rad1 Rad8 18. e5 dxe5 19. Qxd7 Rxd7 20. Bxf6 Rxd1 21.
Bxg7+ Kxg7 22. Rxd1 Kf6 23. Kf1 Rd8 24. Rxd8 Nxd8 25. Nd2 Nb7 26. Ke2 Nd6 27.
Kd3 Kf5 28. f3 c4+ 29. Nxc4 Nxc4 30. Kxc4 e4 31. Kd4 exf3 32. gxf3 Kf4 33. c4
bxc3 34. bxc3 e5+ 35. Kd5 h5 36. c4 Kxf3 37. Kxe5 h4 38. c5 h3 39. c6 Kg2 40.
c7 1-0

[Event "HSK Osteropen 2024"]
[Site "Hamburg"]
[Date "2024.03.30"]
[Round "3.6"]
[White "Kahlert, Thomas"]
[Black "Wenzel, Birger"]
[Result "1/2-1/2"]
[WhiteElo "2122"]
[BlackElo "2028"]
[PlyCount "48"]
[EventDate "2024.03.29"]

1. d4 Nf6 2. Nf3 e6 3. c4 b6 4. g3 Bb7 5. Bg2 Be7 6. O-O O-O 7. Nc3 Ne4 8. Nxe4
Bxe4 9. Ne1 Bxg2 10. Nxg2 d6 11. b3 c5 12. Bb2 cxd4 13. Qxd4 Bf6 14. Qd2 Bxb2
15. Qxb2 Qe7 16. Rfd1 Rd8 17. Rd2 Na6 18. Rad1 Nc7 19. Qa3 Ne8 20. e4 Qc7 21.
Ne3 h6 22. Qb2 Rac8 23. Qd4 a6 24. a4 Qb8 1/2-1/2